| 000 | 00741cam a2200229 4500 | ||
|---|---|---|---|
| 001 | B942 | ||
| 008 | 090401t1989 xxu||||| |||| 00| 0 eng d | ||
| 035 | _a(Sirsi) u38770 | ||
| 041 | _aeng | ||
| 050 | _a711.1 | ||
| 110 |
_aGrimley J R Eve _9610 |
||
| 245 | 2 | _aA practical guide (to) town and country planning: the Use Classes Order 1987 & the General Development Order 1988 | |
| 260 |
_aLondon _bGrimley J. R. Eve _c1989 |
||
| 300 | _a6p. ; 30cm. | ||
| 350 | _a9 | ||
| 650 | _aSTATUTORY INSTRUMENT 1987-NO 764 | ||
| 650 | _aSTATUTORY INSTRUMENT 1988-NO 1813 | ||
| 650 | _aTOWN AND COUNTRY PLANNING GENERAL DEVELOPMENT ORDER 1988 | ||
| 650 | _aTOWN AND COUNTRY PLANNING USE CLASSES ORDER 1987 | ||
| 942 | _n0 | ||
| 948 | _c04/03/1997 | ||
| 999 |
_c90702 _d90702 |
||